| 000 | 00563nam a2200193 4500 | ||
|---|---|---|---|
| 001 | 139665 | ||
| 003 | ES-MaACL | ||
| 005 | 20251009144549.0 | ||
| 007 | t| | ||
| 008 | 070214s1909 fr r ||||1| fre d | ||
| 080 | _a929 Margarita(465.1)Francia | ||
| 100 | 1 |
_aSavine, Albert. _9104073 |
|
| 245 | 1 | 3 |
_aLa vrai Reine Margot / _cAlbert Savine. |
| 260 |
_aParis : _bF. Schmidt, _c1909. |
||
| 300 |
_a190 p. ; _c20 cm. |
||
| 600 | 0 | 7 |
_aMargarita, _cReina consorte de Enrique IV, Rey de Francia _2 _9148955 |
| 852 |
_aES-MaACL _jD-1233 |
||
| 999 |
_c139665 _d139665 |
||